000 00492nam a2200157Ia 4500
008 220216s9999 xx 000 0 und d
100 _aBolton J
245 4 _aThe response of immature Hevea brasiliensis to fertilisers in Malaya 1. Experiments on shale-derived soils
260 _bJournal of the Rubber Research Institute of Malaya
_c1964
300 _a67-79
650 _aFertilisers
650 _aHevea brasiliensis
650 _aMalaya
650 _aShale-derived soils
942 _cJS
999 _c70964
_d70964